A agressão (Registo nº 3925)

Detalhes MARC
000 -Etiqueta do registo
Valores 00582nam a22002171i 4500
090 ## -
-- 3925
100 ## - Dados gerais de processamento
Dados gerais 20170304u u u0frey50 ba
101 0# - Língua de publicação
-- por
200 1# - Titulo e menção de responsabilidade
Primeira menção de responsabilidade Konrad Lorenz
Título próprio A agressão
Informação de outro título uma história natural do mal
210 ## - Publicação
Nome do editor Moraes
Local de publicação Lisboa
Data de publicação 1979
215 ## - Descrição física 
Paginação / Volumes 303 p.
Dimensões 23 cm
225 2# - Colecção 
Título próprio da colecção Manuais universitários
Indicação de volume 12
606 ## - Nome comum usado como assunto
ID Autoridade 2890
Palavra de ordem Psicologia do comportamento
606 ## - Nome comum usado como assunto
ID Autoridade 2891
Palavra de ordem Agressão
675 ## - CDU
Notação 159.9
-- 104
700 #1 - Autor principal (pessoa individual)
Apelido Lorenz
Nome Konrad
-- 070
701 #1 - Co-autor principal (pessoa individual)
Apelido Tamen
Nome Maria Isabel
-- 730
Datas 1963-
801 ## - Fonte de origem
País PT
Regras de catalogação RPC
990 ## - Elementos KOHA
Tipo de documento Livro
994 ## - Estado da catalogação
-- COMP
Exemplares
Situação do levantamento Estado Biblioteca de origem Biblioteca de empréstimo Código de barras Cota Permissão de empréstimo Tipo de documento Nota relativa ao exemplar
  Completo Biblioteca Municipal de Viana Do Alentejo Biblioteca Municipal de Viana Do Alentejo 0005177 159.9 LOR Disponível Livro Em depósito caixa 34 VNT
  Completo Biblioteca Municipal de Viana Do Alentejo Biblioteca Municipal de Viana Do Alentejo Pólo Aguiar 0016578 159.9 LOR Disponível Livro  




Powered by Koha